Pocket dictionary of laboratory equipment : English/German .

Bibliographic Details
Main Author: JUNGE
Format: Book
Published: Weinheim, Federal Republic of Germany ; New York, NY, USA : VCH , 1987
Subjects:

MARC

LEADER 00000cam a2200000 7i4500
001 0000002349
005 20030529.0
020 0 0 |a 0895735962 
090 0 0 |a 542.0321   |b JUN 1987 
100 1 0 |a JUNGE   |h Hans Dieter 
245 1 0 |a Pocket dictionary of laboratory equipment :   |b English/German .   |l Taschenwörterbuch Laborausrüstung : Deutsch/Englisch   |c Hans-Dieter Junge 
260 0 0 |a Weinheim, Federal Republic of Germany ; New York, NY, USA :   |b VCH ,   |c 1987 
300 |a vii, 201 p. ;   |c 17 cm. 
500 0 0 |a English and German 
650 0 0 |a Chemical apparatus   |x Dictionaries 
650 0 0 |a Chemical apparatus   |x Dictionaries   |x German 
650 0 0 |a English language   |x Dictionaries   |x German 
650 0 0 |a German language   |x Dictionaries   |x English 
998 |a JPSM 
999 |a 0000004171   |b Monograph   |c Open Shelf   |e Default branch